000 00245 a2200097 4500
001 56989
100 _a
245 _aPakistani Architects and their own Homes 100+1
260 _aKarachi
_bFNMH Architecture
_c2006
090 _c34918
_d34918
942 _aNUST-CAE
_cMONOGRAPH
_c27689
999 _c292062
_d292062